000 00405nam a22001457a 4500
008 250324b |||||||| |||| 00| 0 eng d
020 _a9789390619801
050 _aRJ245
_b.P35
100 _aPal Panchali
245 _aTextbook of pediatric nursing for BSC Nursing students
260 _aNew Delhi
_bCBS Publishers $ distributors
_c2022
300 _axx,536p
650 _aPediatric Nursing
942 _cBK
999 _c2607
_d2607